Využitie ozónu na čistenie odpadových vôd

Gespeichert in:
Bibliographische Detailangaben
1. Verfasser: Gulyášová, Angelika (Verfasst von)
Format: Manuskript Buch
Sprache:Slowakisch
Veröffentlicht: Bratislava : STU v Bratislave ChtF, 1999
Ausgabe:Obháj.: 7.6.1999
Tags: Tag hinzufügen
Keine Tags, Fügen Sie das erste Tag hinzu!

MARC

LEADER 00000ntm a22000003a 4500
001 stu49986
005 20150617225708.2
008 990624s1999------------------------slo-d
040 |a STU  |b slo 
041 0 |a slo 
100 1 |a Gulyášová, Angelika  |4 aut 
245 1 |a Využitie ozónu na čistenie odpadových vôd 
250 |a Obháj.: 7.6.1999 
260 |a Bratislava :  |b STU v Bratislave ChtF,  |c 1999 
300 |a 111 s 
500 |a Tab.,grafy,lit.Zameranie: Chémia a technol.životného prostredia 
996 |b 284C008410  |c C*D12738  |l CCI  |s A  |a 24  |w stu49986_0001